000 00764cam a22002531 4500
001 he 68001436
003 DLC
005 20260227111458.0
008 870223s1967 is 000 0 hebo
010 _ahe 68001436
035 _a(OCoLC)15228736
040 _aDLC
_cCU
_dOCoLC
_dDLC
041 1 _aheb
_heng
050 0 0 _aPR2796.H4
_bO84
100 1 _aShakespeare, William,
_d1564-1616.
240 1 0 _aOthello.
_lHebrew
245 1 0 _aOtelo
_c[me-et] Ṿilyam Sheḳspir. ʻIvrit bi-yede Sh. Ts. Daṿidoṿits.
260 _aYerushalayim,
_cḲiryat-Sefer
_c[1967?]
300 _a143 p.
_c20 cm.
500 _aTranslation of Othello.
500 _aVocalized.
650 0 _aOthello (Fictitious character)
_vDrama.
700 1 _aDavidowitz, Harry Soloman,
_d1887-
999 _c33303
_d33303